On obtaining global information in a peer-to-peer fully distributed environment

Elmentve itt :
Bibliográfiai részletek
Szerzők: Jelasity Márk
Preuß Mike
Dokumentumtípus: Cikk
Megjelent: Springer 2002
Sorozat:Lecture Notes in Computer Science 2400
doi:10.1007/3-540-45706-2_78

mtmt:212899
Online Access:http://publicatio.bibl.u-szeged.hu/1452
LEADER 00718nab a2200205 i 4500
001 publ1452
005 20180712145801.0
008 120920s2002 hu o 0|| angol d
022 |a 0302-9743 
024 7 |a 10.1007/3-540-45706-2_78  |2 doi 
024 7 |a 212899  |2 mtmt 
040 |a SZTE Publicatio Repozitórium  |b hun 
041 |a angol 
100 1 |a Jelasity Márk 
245 1 3 |a On obtaining global information in a peer-to-peer fully distributed environment  |h [elektronikus dokumentum] /  |c  Jelasity Márk 
260 |a Springer  |c 2002 
300 |a 573-577 
490 0 |a Lecture Notes in Computer Science  |v 2400 
700 0 1 |a Preuß Mike  |e aut 
856 4 0 |u http://publicatio.bibl.u-szeged.hu/1452/1/europar2002.pdf  |z Dokumentum-elérés